| 000 | 01179nam a22003731i 4500 | ||
|---|---|---|---|
| 001 | R9781003726449 | ||
| 001 | 9781003726449 | ||
| 003 | EG-ScBUE | ||
| 005 | 20260405103957.0 | ||
| 008 | 251010t2025 enka f b 001 0 eng d | ||
| 020 | _z9781915722683 | ||
| 040 |
_aNhCcYBP _beng _erda _cNhCcYBP _dEG-ScBUE |
||
| 082 | 0 | 4 |
_a720.47 _222 _bPAW |
| 100 | 1 |
_aPawlyn, Michael, _eauthor. |
|
| 245 | 1 | 0 |
_aBiomimicry in architecture / _cMichael Pawlyn. |
| 250 | _aThird edition. | ||
| 264 | 1 |
_aLondon : _bRIBA Publishing, _c[2025] |
|
| 264 | 4 | _cc2025 | |
| 300 |
_a206 pages : _billustrations (chiefly color) ; _c28 cm |
||
| 336 |
_atext _btxt _2rdacontent |
||
| 337 |
_acomputer _bc _2rdamedia |
||
| 338 |
_aonline resource _bcr _2rdacarrier |
||
| 500 | _aPrevious edition: 2019. | ||
| 504 | _aIncludes bibliographical references and index. | ||
| 650 | 7 |
_aOrganic architecture. _2BUEsh |
|
| 650 | 7 |
_aSustainable architecture. _2BUEsh |
|
| 650 | 7 |
_aArchitecture _xEnvironmental aspects. _2BUEsh |
|
| 650 | 7 |
_aBiomimicry. _2BUEsh |
|
| 650 | 7 |
_aArchitecture and biology. _2BUEsh |
|
| 650 | 7 |
_aBionics. _2BUEsh |
|
| 653 | _cApril2026 | ||
| 655 | _vReading book | ||
| 942 |
_2ddc _cBB |
||
| 999 |
_c31156 _d31127 |
||